|
|
|
|
| LEADER |
00000nab a2200000uu 4500 |
| 001 |
vtls011537831 |
| 003 |
SK-MaSNL |
| 005 |
20260304171249.0 |
| 008 |
230222|1957 xo |||||||||||||||||cze| |
| 015 |
|
|
|a SNBRB
|
| 035 |
|
|
|a (urnnbn)urn:nbn:sk:snk:ar-0052do
|
| 035 |
|
|
|a (uuid)47001f14-0140-4b6e-8e9a-1109fcb24b04
|
| 035 |
|
|
|a urn:nbn:sk:snk-abewog
|
| 040 |
|
|
|a SNKBUCL
|b slo
|c SNKBUCL
|e AACR2
|
| 041 |
0 |
|
|a cze
|
| 044 |
|
|
|a xo
|c SK
|
| 100 |
1 |
|
|a Svejkovský, František,
|d 1923-2011
|4 aut
|9 256191
|
| 245 |
1 |
0 |
|a PŘÍSPĚVKY K DĚJINÁM LITERATURY 16. STOLETÍ
|c František Svejkovský
|
| 773 |
0 |
|
|t Slovenská literatúra
|g Roč. 4, č. 2 (1957), s. 238-244
|
| 958 |
|
|
|a OND
|
| 958 |
|
|
|a EUIPO
|
| 958 |
|
|
|a article22
|
| 999 |
|
|
|c 2992421
|d 2994351
|